00665nam a2200205 a 450000100100000000500170001000800410002702000180006804000250008610000200011124000380013124500850016925000110025426000390026530000110030450000420031550000340035750400320039170000360042300004067720201002034310.0130905s2009 sp 000 0 spa d a9788437614236 aDO-SdBNPbspacBNPHU1 aLipski, John M.10aLatin american spanishlEspañol13aEl español de América /cJohn M. Lipski ; traductor Silvia Iglesias Recuero. a6a ed. aMadrid :bArtes Gráficas,c2009. a446 p. aIncluye notas al pie de las páginas aTraducido del idioma inglés aBibliografía : p. 387-4461 aIglesias Recuero, Silviaetrad.